हक़ीक़त बेनक़ाब / (Record no. 15017)

MARC details
000 -LEADER
fixed length control field 01197nam a22002777a 4500
005 - DATE AND TIME OF LATEST TRANSACTION
control field 20080822162413.0
008 - FIXED-LENGTH DATA ELEMENTS--GENERAL INFORMATION
fixed length control field 080822t xxu||||| |||| 00| e hin d
010 ## - LIBRARY OF CONGRESS CONTROL NUMBER
LC control number HIN-84043
020 ## - INTERNATIONAL STANDARD BOOK NUMBER
Terms of availability 60.00
035 ## - SYSTEM CONTROL NUMBER
System control number HN-56389
037 ## - SOURCE OF ACQUISITION
Stock number DBAD / PUB
040 ## - CATALOGING SOURCE
Original cataloging agency DPL
Language of cataloging HN
082 ## - DEWEY DECIMAL CLASSIFICATION NUMBER
Classification number 828
100 ## - MAIN ENTRY--PERSONAL NAME
Personal name रामचन्द्र
245 ## - TITLE STATEMENT
Title हक़ीक़त बेनक़ाब /
Statement of responsibility, etc रामचन्द्र
246 ## - VARYING FORM OF TITLE
Title proper/short title Haqiiqata benakaaba
Remainder of title by Ramchandra
260 ## - PUBLICATION, DISTRIBUTION, ETC. (IMPRINT)
Place of publication, distribution, etc उ.प्र.
Name of publisher, distributor, etc श्री रामचन्द्र मिशन
Date of publication, distribution, etc व.अ.
270 ## - ADDRESS
Address शाहजहाँपुर
City उ.प्र.
300 ## - PHYSICAL DESCRIPTION
Extent 159पृ
Dimensions 22सेमी (अजिल्द)
650 ## - SUBJECT ADDED ENTRY--TOPICAL TERM
Topical term or geographic name as entry element Hindi essays
650 ## - SUBJECT ADDED ENTRY--TOPICAL TERM
Topical term or geographic name as entry element हिन्दी निबंध
650 ## - SUBJECT ADDED ENTRY--TOPICAL TERM
Topical term or geographic name as entry element Hindi literature
General subdivision History and ctiticism
Chronological subdivision 21st century
650 ## - SUBJECT ADDED ENTRY--TOPICAL TERM
Topical term or geographic name as entry element हिन्दी साहित्य
General subdivision इतिहास एवं समालोचना
Chronological subdivision 21वीं सदी
942 ## - ADDED ENTRY ELEMENTS (KOHA)
Source of classification or shelving scheme Dewey Decimal Classification
Koha item type Hindi Books
Call number prefix रामच
Classification part 828
Holdings
Withdrawn status Lost status Damaged status Not for loan Collection code Home library Current library Date acquired Source of acquisition Cost, normal purchase price Total Checkouts Full call number Barcode Date last seen Copy number Cost, replacement price Price effective from Koha item type
      Not For Loan Non-fiction D.B.Act.Division D.B.Act.Division 22/08/2008 DBAD / PUB 60.00   828 रामच HN-56389 15/09/2008 1 60.00 15/09/2008 Hindi Books

© Delhi Public Library
Hit Counter
free hit counter